00816nam a22002535i 450000100060000000300090000600500170001500700030003200800410003502000180007604000220009408000150011610000410013124500410017225000150021326000370022830000210026549000440028683000520033085200330038294200080041599900170042395201220044011093ES-MaACL20240519063020.0t|920922s1992 sp ||||0| spa j a84-87101-62-3 aM-BN bspa cM-BN a860-14"19"1 aSegovia, Tomás,d1927-2011910515310aNoticia natural / cTomás Segovia. a[1ª ed.]. aValencia : bPre-Textos, c1992. a125 p ; c19 cm.1 aPoesía (Editorial Pre-Textos) ; v15600aPoesía (Editorial Pre-Textos) ; v1569236462 aES-MaACLjL-18375 bR.122852 2udc c11093d11093 00104070aATENEOMbATENEOMcDEPO2d2008-01-17eSCl0oL-18375p1011312r2023-02-23 00:00:00w2023-02-23yMONOGRAFIA